00669nam a22001697a 4500020001600000082000800016100002400024245009500048260003500143300002600178650003800204700005000242856005800292942001200350999001900362952011800381 qHard Cover. a200 aKarim Iqbal, Danish aDesign and Development of a test rig for testing of Fuzzy controller/cDanish Karim Iqbal. aKarachi :bPNEC - NUST,c2013. a62 p. : ill. ;c30cm. aMS-Electrical Engineering 923567 aSupervisor: Dr. Muhammad Bilal Kadri.9127288 u http://10.250.8.41:8080/xmlui/handle/123456789/13295 2ddccSC c535417d535417 00102ddc406200_000000000000000709498431aCLbCLcTHEd2020-09-07o200pCL-T-6208r2020-09-07w2020-09-07ySC